Report Of The Finance Committee On The Loan And Financing Agreement Between The Government Of The Republic Of Ghana And Kreditanstalt Fur Wiederaufbau (KFW), Frankfurt Am Main For A Loan Amount Of Thirteen Million Euros (EUR13,000,000.00) And Financial Contribution Of An Amount Of One Million Euros (EUR1,000,000.00) To Co-finance The Establishment Of A Deposit Protection Scheme In Ghana (Record no. 4491)

MARC details
000 -LEADER
fixed length control field 01079nam a22001697a 4500
003 - CONTROL NUMBER IDENTIFIER
control field OSt
005 - DATE AND TIME OF LATEST TRANSACTION
control field 20250319090354.0
008 - FIXED-LENGTH DATA ELEMENTS--GENERAL INFORMATION
fixed length control field 240909b |||||||| |||| 00| 0 eng d
041 ## - LANGUAGE CODE
Language code of text/sound track or separate title English
082 ## - DEWEY DECIMAL CLASSIFICATION NUMBER
Classification number CR/LFA/18 Acc No: 9735,
110 ## - MAIN ENTRY--CORPORATE NAME
Corporate name or jurisdiction name as entry element Parliament of Ghana
245 ## - TITLE STATEMENT
Title Report Of The Finance Committee On The Loan And Financing Agreement Between The Government Of The Republic Of Ghana And Kreditanstalt Fur Wiederaufbau (KFW), Frankfurt Am Main For A Loan Amount Of Thirteen Million Euros (EUR13,000,000.00) And Financial Contribution Of An Amount Of One Million Euros (EUR1,000,000.00) To Co-finance The Establishment Of A Deposit Protection Scheme In Ghana
260 ## - PUBLICATION, DISTRIBUTION, ETC.
Place of publication, distribution, etc. Accra:
Name of publisher, distributor, etc. Parliament of Ghana,
Date of publication, distribution, etc. 2018.
300 ## - PHYSICAL DESCRIPTION
Extent 7p.:
653 ## - INDEX TERM--UNCONTROLLED
Uncontrolled term 1. Loan And Financing Agreement 2. The Government Of The Republic Of Ghana 3. The Government Of The Republic Of Ghana 4. The Government Of The Republic Of Ghana 5. Financial Contribution Of An Amount Of One Million Euros (EUR1,000,000.00) 6. The Establishment Of A Deposit Protection Scheme In Ghana
942 ## - ADDED ENTRY ELEMENTS (KOHA)
Source of classification or shelving scheme Dewey Decimal Classification
Koha item type Committee Reports
Suppress in OPAC No
Holdings
Withdrawn status Lost status Source of classification or shelving scheme Damaged status Not for loan Home library Current library Shelving location Date acquired Total checkouts Full call number Date last seen Copy number Price effective from Koha item type
    Dewey Decimal Classification     Main Library Main Library Open Shelves 19/03/2025   CR/LFA/18 Acc No: 9735, 19/03/2025 1 19/03/2025 Committee Reports
©2026  Parliament of Ghana Library - All rights reserved